000 01095nam a2200277 a 4500
001 000010481
005 20240412074219.0
008 091007s1999 dr 001 0 spa d
040 _aDO-SdBNP
_bspa
_cBNPHU
082 _aRD861.44
_bM351v
100 1 _aMármol, José,
_d1960-
_96454
245 1 0 _aVoz reunida :
_b1984-1994 /
_cJosé Mármol.
246 1 4 _aObras
260 _aSanto Domingo :
_bConsejo Presidencial de Cultura,
_bSistema Nacional de Talleres Literarios,
_c1999.
300 _av. ;
_c29 cm.
490 1 _aFin de siglo
490 1 _aSistema Nacional de talleres literarios
_v10
500 _aLa biblioteca posee el volumen 1
505 2 _av. 1 El ojo del arúspice -- Encuentro con las mismas otredades -- Encuentro con las mismas otredades -- La inveción del día -- Lengua del paraíso -- Deus exmachina.
590 _aInventariado, 2018/LP
650 0 _aPoesía dominicana
_966
650 0 _aLiteratura dominicana.
_967
830 0 _aSistema Nacional de talleres literarios
_v10
_925483
830 0 _aFin de siglo
_925148
910 _aValidado. Control de calidad BNPHU
999 _c10240
_d10240